Żużel - Drużyny Metalkas 2. Ekstraligi sezon 2025 - Statystyki

Ogólne statystyki
  • Ten quiz został rozwiązany 208 razy
  • Średni wynik to 7 z 8
Statystyki odpowiedzi
Drużyna % Poprawnych
Unia Leszno
95%
Polonia Bydgoszcz
94%
Unia Tarnów
90%
Wilki Krosno
90%
Stal Rzeszów
88%
PSŻ Poznań
86%
Orzeł Łódź
83%
Ostrovia Ostrów Wielkopolski
51%
Nie znaleziono quizów pasujących do podanych kryteriów
Rozkład punktacji
Procent ludzi z każdym wynikiem
Percentyl według liczby udzielonych odpowiedzi
Twoja historia wyników
Nie rozwiązałeś tego quizu